Statistics for Premier League Stadiums by Capacity

Click here to take the quiz!

General Stats

  • This quiz has been taken 23 times
  • The average score is 7 of 20

Answer Stats

HintAnswer% Correct
74,031Old Trafford
94%
62,850Tottenham Hotspur Stadium
67%
60,725Anfield
61%
62,500London Stadium
50%
60,704Emirates Stadium
44%
10,265Kenilworth Road
44%
53,400Etihad Stadium
39%
40,173Stamford Bridge
39%
11,307Vitality Stadium
39%
42,530Villa Park
33%
39,414Goodison Park
28%
17,250Gtech Community Stadium
28%
31,876Amex Stadium
22%
22,384Craven Cottage
22%
31,750Molineux
22%
32,050Bramall Lane
17%
25,486Selhurst Park
17%
21,744Turf Moor
17%
30,404City Ground
11%
52,257St. James's Park
6%

Score Distribution

Percentile by Number Answered

Percent of People with Each Score

Your Score History

You have not taken this quiz